=LDR 00000nam 2200000 4500 =001 INLIS000000000007257 =005 20130612095304 =008 ***********************************Ind** =035 ##$$0010-061300000007257 =041 ##$$a Ind =082 ##$$a 248 =090 ##$$a 248, Sub t =100 ##$$a Subyakto, P =245 ##$$a Tangan Tuhan membimbingku, pengalaman berkarya di tengah saudara beriman lain, P.Subyakto =260 ##$$a 1996 $b Yogyakarta =300 ##$$a 159 hlm, 21 cm =650 ##$$a Pengalaman Kristiani